Prax treba podoprieť zákonmi

Prezident Všeobecnej úverovej banky Ján Gabriel analyzuje slovenský bankový sektor. Základné otázky: privatizácia, zhoršené štatistické výsledky za r. 1995, stav legislatívy a reštrukturalizácie najväčších slovenských bánk.

Gespeichert in:
Bibliographische Detailangaben
1. Verfasser: Gabriel, J.
Format: Buchkapitel
Sprache:Slowakisch
Schlagworte:
Tags: Tag hinzufügen
Keine Tags, Fügen Sie das erste Tag hinzu!

MARC

LEADER 00000naa a2200000 4500
001 r022489
005 20230801104453.7
041 0 |a slo 
044 |a SK 
245 1 0 |a Prax treba podoprieť zákonmi  |c J. Gabriel 
520 |a Prezident Všeobecnej úverovej banky Ján Gabriel analyzuje slovenský bankový sektor. Základné otázky: privatizácia, zhoršené štatistické výsledky za r. 1995, stav legislatívy a reštrukturalizácie najväčších slovenských bánk. 
610 2 0 |a Slovensko 
610 2 0 |a 1995 
610 2 0 |a 1996 
610 2 0 |a banky 
610 2 0 |a VÚB, a.s. Bratislava 
610 2 0 |a reštrukturalizácia 
610 2 0 |a legislatíva 
610 2 0 |a privatizácia 
100 1 |a Gabriel, J.